[Event "Wch U12 Girls rapid"]
[Site "Batumi"]
[Date "2023.06.07"]
[Round "5"]
[White "Tsivtsivadze, Nini"]
[Black "Khikmatkhonova, Mokhinur"]
[Result "0-1"]
[WhiteElo "1080"]
[BlackElo "1254"]
[PlyCount "102"]
[EventDate "2023.06.06"]
[EventType "swiss (rapid)"]
[EventRounds "11"]
[EventCountry "GEO"]
[SourceTitle "EXT 2024"]
[Source "ChessBase"]
[SourceDate "2023.10.10"]
[SourceVersion "1"]
[SourceVersionDate "2023.10.10"]
[SourceQuality "1"]
[WhiteTeam "Georgia"]
[BlackTeam "Uzbekistan"]
[WhiteTeamCountry "GEO"]
[BlackTeamCountry "UZB"]

1. d4 Nf6 2. Nf3 e6 3. Bf4 b6 4. e3 Bb7 5. c3 d5 6. Bd3 Nbd7 7. Nbd2 c5 8. Qe2 c4 9. Bc2 Be7 10. e4 dxe4 11. Bxe4 Nxe4 12. Nxe4 Bxe4 13. Qxe4 0-0 14. Nd2 b5 15. 0-0 a6 16. a4 Nf6 17. Qf3 Nd5 18. Qg3 Nxf4 19. Qxf4 h6 20. Qe4 Qb8 21. Qe2 Rc8 22. Rfb1 Bd6 23. Nf3 b4 24. h3 a5 25. Nd2 Qc7 26. Ne4 Rab8 27. Rc1 Bf4 28. Rd1 Bd6 29. Qh5 Qe7 30. Rdb1 Rb7 31. Nxd6 Qxd6 32. Qxa5 Rcb8 33. Rc1 Qf4 34. Qe5 Qd2 35. cxb4 Rxb4 36. Qe3 Qd3 37. Rc3 Qf5 38. Ra2 Qb1+ 39. Rc1 Qxa2 40. Qe1 Qxb2 41. Ra1 Qxa1 42. Qxa1 Rb1+ 43. Qxb1 Rxb1+ 44. Kh2 c3 45. a5 c2 46. a6 Ra1 47. a7 Rxa7 48. f4 c1Q 49. f5 Qf4+ 50. g3 Qf2+ 51. Kh1 Ra1# 0-1